| 000 -LEADER |
| fixed length control field |
00553nam a2200157 4500 |
| 008 - FIXED-LENGTH DATA ELEMENTS--GENERAL INFORMATION |
| fixed length control field |
190723b ||||| |||| 00| 0 eng d |
| 100 ## - MAIN ENTRY--PERSONAL NAME |
| Personal name |
Bandi, Sayali |
| 245 ## - TITLE STATEMENT |
| Title |
E-waste management in India - a comparison between e-waste (management & handling) rules, 2011 and e-waste (management) rules, 2016 |
| 260 ## - PUBLICATION, DISTRIBUTION, ETC. (IMPRINT) |
| Date of publication, distribution, etc |
2019 |
| 300 ## - PHYSICAL DESCRIPTION |
| Extent |
p.122-129. |
| 700 ## - ADDED ENTRY--PERSONAL NAME |
| Personal name |
Kag, Gopal |
| 9 (RLIN) |
7229 |
| 700 ## - ADDED ENTRY--PERSONAL NAME |
| Personal name |
Jain, Kamlesh |
| 9 (RLIN) |
7230 |
| 773 ## - HOST ITEM ENTRY |
| Main entry heading |
Prestige International Journal of Management and Research |
| 906 ## - LOCAL DATA ELEMENT F, LDF (RLIN) |
| Subject DIP |
E-waste management - India |
| 942 ## - ADDED ENTRY ELEMENTS (KOHA) |
| Source of classification or shelving scheme |
|
| Item type |
Articles |